Cơ sở giải tích toán học; T2

Guardat en:
Dades bibliogràfiques
Autor principal: G M Fichtengon
Format: Llibre
Idioma:Undetermined
Publicat: Hà Nội ĐH và THCN 1972
Matèries:
Etiquetes: Afegir etiqueta
Sense etiquetes, Sigues el primer a etiquetar aquest registre!
Thư viện lưu trữ: Trung tâm Học liệu Trường Đại học Cần Thơ
LEADER 00496nam a2200169Ia 4500
001 CTU_1717
008 210402s9999 xx 000 0 und d
082 |a 515 
082 |b F445/T2 
100 |a G M Fichtengon 
245 0 |a Cơ sở giải tích toán học; T2 
245 0 |c G M Fichtengon, Hoàng Hữu Đường 
260 |a Hà Nội 
260 |b ĐH và THCN 
260 |c 1972 
650 |a mathematical analysis 
980 |a Trung tâm Học liệu Trường Đại học Cần Thơ